| 000 | 01578cam a22004454i 4500 | ||
|---|---|---|---|
| 003 | PE-LiUPU | ||
| 005 | 20250731173256.0 | ||
| 008 | 150625s r 000 0 d | ||
| 020 | _a987996540X | ||
| 035 | _a(Sirsi) i9789879965405 | ||
| 040 |
_aPE-LiUPU _bspa _cPE-LiUPU _erda |
||
| 049 | _aPRUA | ||
| 082 | 0 | 4 |
_a220.071 _bM12 _221 |
| 100 | 1 |
_aMcIlwain, Trevor, _eautor. |
|
| 245 | 1 | 0 |
_aFundamentos firmes : _bdesde la creación hasta Cristo / _cMcIlwain. |
| 264 | 1 |
_aSantafé de Bogotá, Colombia : _bCentros de Literatura Cristiana de Colombia, _c1991. |
|
| 300 |
_a562 páginas : _bdiágramas ; _c30 centímetros |
||
| 336 |
_atext _2rdacontent |
||
| 337 |
_aunmediated _2rdamedia |
||
| 338 |
_avolume _2rdacarrier |
||
| 505 | 0 | _aFundamentos firmes edificando conforme al plan. -Cómo usar este estudio bíblico. -Lecciones. | |
| 526 | _aSEG42 | ||
| 526 | _aSEG41 | ||
| 526 | _aSEG40 | ||
| 526 | _aSEG39 | ||
| 526 | _aP94 | ||
| 526 | _aP87 | ||
| 526 | _aP86 | ||
| 526 | _aP85 | ||
| 526 | _aP77 | ||
| 526 | _aP76 | ||
| 526 | _aP35 | ||
| 541 | _g0001402; | ||
| 630 |
_aBiblia _xEstudio y enseñanza. |
||
| 942 |
_2ddc _cBOOK |
||
| 949 |
_a220.071 M12 _wDEWEY _c1 _i55094 _lCCODEBUL1 _mBUL _p33.00 _r0 _sY _tBOOK _u2015-6-25 _xTEOLOGIA _zUNKNOWN _0COMPRA _o.STAFF. Colección General |
||
| 994 |
_aC0 _bPEPRU |
||
| 596 | _a1 | ||
| 999 |
_a220.071 M12 _wDEWEY _c43710 _i55094 _d43710 _f2021-11-9 _g6 _lCCODEBUL1 _mBUL _p33.00 _q1 _r0 _sY _tBOOK _u2015-6-25 _xTEOLOGIA _zUNKNOWN _0COMPRA _o.STAFF. Colección General |
||
| 980 |
_81 _gALBERTO SANCHEZ Responsable de Automatización |
||